Online Public Access Catalog -OPAC

Car bodywork in glass reinforced plastics (Record no. 8395)

MARC details
000 -LEADER
fixed length control field 00405nam a2200121Ia 4500
008 - FIXED-LENGTH DATA ELEMENTS--GENERAL INFORMATION
fixed length control field 180412s9999||||xx |||||||||||||| ||und||
020 ## - INTERNATIONAL STANDARD BOOK NUMBER
International Standard Book Number 072730304X
040 ## - CATALOGING SOURCE
Original cataloging agency Ahmadu Bello University Library - Zaria
100 ## - MAIN ENTRY--PERSONAL NAME
Personal name Wood, Richard
245 #0 - TITLE STATEMENT
Title Car bodywork in glass reinforced plastics
Statement of responsibility, etc. Richard Wood
260 ## - PUBLICATION, DISTRIBUTION, ETC.
Place of publication, distribution, etc. London
Name of publisher, distributor, etc. Pentech Press
Date of publication, distribution, etc. 1980
300 ## - PHYSICAL DESCRIPTION
Extent 212p.: ill., diagrs., tables
500 ## - GENERAL NOTE
General note Includes bibliographical references

No items available.

Customized by ICT Technical Service Unit on 29th Dec 2022

Kashim Ibrahim Library